000 00293nam a22001337a 4500
008 180906b xxu||||| |||| 00| 0 eng d
020 _a0028973550
041 _aeng
080 _a030
100 _a23
101 _aenc
245 _aEncyclopedia Of Biothics
_cReich,W,TH
942 _2udc
_cBK
999 _c47579
_d47579